00481nam a2200193Ia 4500003000400000005001700004008004100021020001800062040000700080041000800087082002300095100002100118245003900139260004500178300001200223365001400235650002400249650001400273OSt20230418092041.0210423s2007 xx 000 0 und d a9780846310607 cAL aeng a306.484223b WILK aWILLIAMS (Keith) aH G Wells modernity and the movies aLondonbLiverpool University Pressc2007 a279bPB b1427cINR aPolitical Sociology aSociology